00707nam a2200181 a 450000100060000000300090000600800410001502000150005604000280007108200180009910000410011724500280015826000320018630000110021850502380022965000370046765000210050415072CO-ViMGA141112s2004 ck r 000 u spa d a9582406380 aCO-ViMGAbspacCO-ViMGA04a540 653q - II1 aMondragón Martinez, Cesar Humberto10aQuímica Santillana II aBogotá, cSantillana 2001 a288.p. aQuímica organica - Conceptos - Historia Compuestos organicos Los hidrocarburos Funciones oxigenadas Acidos carboxilicos y funciones nitrogenadas Compuesto de interes bioquimico I, 1 Compuestos de interes bioquimico II, 2 Quimica 1114aQUIMICA - ENSEÑANZA SECUNDARIA14aQUIMICA ORGANICA